[Event "♥HERO CUP♥《★2015★》 (knockout) 10day+1day/move"]
[Site "SchemingMind.com"]
[Date "2014.12.17"]
[Round "-"]
[White "Brian Pott"]
[Black "Aba"]
[Result "1-0"]
[WhiteCountry "AUS"]
[BlackCountry "ISR"]
[WhiteElo "2267"]
[WhiteRD "75"]
[BlackElo "1790"]
[BlackRD "73"]
[GameID "371445"]

1. e4 c5 2. Nf3 e6 3. d4 cxd4 4. Nxd4 Nf6 5. Nc3 Nc6 6. Ndb5 d6 7. Bf4 e5 8. Bg5 a6 9. Na3 h6 10. Bxf6 Qxf6
11. Nd5 Qd8 12. c3 Be6 13. Nc4 b5 14. Nce3 g6 15. a4 Rb8 16. Bd3 Ne7 17. Nf6#
1-0

[Event "♥HERO CUP♥《★2015★》 (knockout) 10day+1day/move"]
[Site "SchemingMind.com"]
[Date "2014.12.16"]
[Round "-"]
[White "Aba"]
[Black "Brian Pott"]
[Result "0-1"]
[WhiteCountry "ISR"]
[BlackCountry "AUS"]
[WhiteElo "1766"]
[WhiteRD "74"]
[BlackElo "2256"]
[BlackRD "78"]
[GameID "371446"]

1. e4 e5 2. Nf3 Nc6 3. Bb5 a6 4. Ba4 Nf6 5. O-O Nxe4 6. d4 b5 7. Bb3 d5 8. dxe5 Be6 9. Nbd2 Nc5 10. c3 d4
11. Bxe6 Nxe6 12. cxd4 Ncxd4 13. Nxd4 Qxd4 14. Nf3 Qxd1 15. Rxd1 Rd8 16. Be3 Be7 17. Rxd8+ Kxd8 18. Nd4 Nxd4 19. Bxd4 c5 20. Be3 Kd7
21. Rd1+ Kc6 22. f4 Rd8 23. Rxd8 Bxd8 24. g4 h6 25. Kf2 g5 26. Kf3 Kd5 27. b3 c4 28. bxc4+ bxc4 29. Kg3 gxf4+ 30. Kxf4 Bg5+
31. Kf3 Bxe3 32. Kxe3 Kxe5 33. h4 f6 34. h5 c3 35. a4 c2
0-1

[Event "♥HERO CUP♥《★2015★》 (knockout) 10day+1day/move"]
[Site "SchemingMind.com"]
[Date "2014.12.16"]
[Round "-"]
[White "Mastermind_13"]
[Black "Kid A"]
[Result "0-1"]
[WhiteCountry "USA"]
[BlackCountry "FIN"]
[WhiteElo "1680"]
[WhiteRD "67"]
[BlackElo "1973"]
[BlackRD "74"]
[GameID "371459"]

1. e4 e5 2. Nf3 Nc6 3. Bb5 a6 4. Ba4 Nf6 5. O-O Be7 6. Re1 b5 7. Bb3 O-O 8. c3 d5 9. exd5 Nxd5 10. Nxe5 Nxe5
11. Rxe5 c6 12. d4 Bd6 13. Re1 Qh4 14. g3 Qh3 15. Qd3 Bf5 16. Qf1 Qh5 17. Bd1 Qg6 18. Nd2 Nf4 19. Nf3 Bh3 20. Nh4 Qf6
0-1

[Event "♥HERO CUP♥《★2015★》 (knockout) 10day+1day/move"]
[Site "SchemingMind.com"]
[Date "2014.12.16"]
[Round "-"]
[White "Kid A"]
[Black "Mastermind_13"]
[Result "1-0"]
[WhiteCountry "FIN"]
[BlackCountry "USA"]
[WhiteElo "1973"]
[WhiteRD "74"]
[BlackElo "1680"]
[BlackRD "67"]
[GameID "371460"]

1. e4 c5 2. Nf3 e6 3. d4 cxd4 4. Nxd4 a6 5. Nc3 Nc6 6. g3 Nf6 7. Bg2 Qc7 8. O-O Be7 9. Re1 d6 10. Be3 O-O
11. a4 Bd7 12. Qe2 Rac8 13. Rad1 h6 14. Nxc6 Bxc6 15. Bd4 Rfd8 16. e5 dxe5 17. Bxe5 Qa5 18. Bxc6 Rxd1 19. Rxd1 bxc6 20. Rd4 Nd5
21. Nxd5 cxd5 22. Kg2 Bc5 23. Qg4 g6 24. Qh4 Bxd4 25. Bxd4 Rc4 26. Qf6 Rxd4 27. Qxd4 Qc7 28. c3 Qc4 29. Qxc4 dxc4 30. Kf3 f5
31. Kf4 Kf7 32. Ke5 Ke7 33. f4 a5 34. Kd4 Kd6 35. Kxc4 e5 36. fxe5+ Kxe5 37. b4 axb4 38. cxb4 g5 39. b5 f4 40. gxf4+ gxf4
41. b6 f3 42. b7 f2 43. b8=Q+ Ke4 44. Qb1+
1-0

[Event "♥HERO CUP♥《★2015★》 (knockout) 10day+1day/move"]
[Site "SchemingMind.com"]
[Date "2014.12.18"]
[Round "-"]
[White "emvarela"]
[Black "Timaeus"]
[Result "1-0"]
[WhiteCountry "ARG"]
[BlackCountry "JPN"]
[WhiteElo "1679"]
[WhiteRD "50"]
[BlackElo "1443"]
[BlackRD "92"]
[GameID "371528"]

1. e4 e5 2. Nf3 d6 3. d4 exd4 4. Nxd4 d5 5. exd5 Qxd5 6. Nc3 Bb4 7. Qe2+ Ne7 8. Qb5+ Qxb5 9. Nxb5 Bd6 10. Nxd6+ cxd6
11. Bf4 d5 12. Bb5+ Bd7 13. Bxb8 Rxb8 14. Bxd7+ Kxd7 15. O-O-O Kd6 16. Rd3 f5 17. Rhd1 Ke6 18. Nxd5 Kf7 19. Nxe7 Kxe7 20. Rd7+ Kf6
21. f4 Rhe8 22. R1d6+ Re6 23. Rxe6+ Kxe6 24. Rxg7 a5 25. Rxh7 b5 26. Rh5 b4 27. Rh6+ Kd5 28. Rf6 Ke4 29. g3 Rh8 30. h4 Rg8
31. Re6+ Kf3 32. Re5 Kxg3 33. Rxf5 Kxh4 34. Rxa5 Rg1+ 35. Kd2 Rg2+ 36. Kd3 Rf2 37. a3 bxa3 38. Rxa3 Rxf4 39. b3 Kg5 40. Ra5+ Kg4
41. Ra4 Kg5 42. Rxf4 Kxf4 43. b4 Ke5 44. b5 Kd5 45. c4+ Kc5 46. Kc3 Kb6 47. Kb4 Kb7 48. c5 Kc7 49. Ka5 Kb7 50. c6+ Kc7
51. Ka6 Kb8 52. b6 Ka8 53. b7+ Kb8 54. c7+ Kxc7 55. Ka7 Kc6 56. b8=Q Kd5 57. Qf4 Kc6 58. Qd4 Kc7 59. Qd5 Kc8 60. Kb6 Kb8
61. Qb7#
1-0

[Event "♥HERO CUP♥《★2015★》 (knockout) 10day+1day/move"]
[Site "SchemingMind.com"]
[Date "2014.12.18"]
[Round "-"]
[White "Timaeus"]
[Black "emvarela"]
[Result "0-1"]
[WhiteCountry "JPN"]
[BlackCountry "ARG"]
[WhiteElo "1467"]
[WhiteRD "84"]
[BlackElo "1693"]
[BlackRD "51"]
[GameID "371529"]

1. e4 e5 2. Nf3 Nc6 3. b3 Nf6 4. d3 d5 5. c3 dxe4 6. dxe4 Qxd1+ 7. Kxd1 Nxe4 8. Be3 Bg4 9. Be2 O-O-O+ 10. Nbd2 Nxd2
11. Nxd2 Bxe2+ 12. Kxe2 Be7 13. Rhd1 f5 14. f3 f4 15. Bf2 Rd7 16. Ne4 Rhd8 17. g4 fxg3 18. hxg3 Rxd1 19. Rxd1 Rxd1 20. Kxd1 b6
21. Ke2 Kd7 22. c4 Bf6 23. Nc3 Nd4+ 24. Bxd4 exd4 25. Nd5 c5 26. b4 cxb4 27. Nxb4 Kd6 28. Nd5 Kc5 29. Nxf6 gxf6 30. Kd3 f5
31. a3 h5 32. f4 a6 33. a4 a5 34. Kd2 Kxc4
0-1

[Event "♥HERO CUP♥《★2015★》 (knockout) 10day+1day/move"]
[Site "SchemingMind.com"]
[Date "2014.12.27"]
[Round "-"]
[White "Kent"]
[Black "Ramesh Panwar"]
[Result "1/2-1/2"]
[WhiteCountry "USA"]
[BlackCountry "IND"]
[WhiteElo "2142"]
[WhiteRD "71"]
[BlackElo "2302"]
[BlackRD "50"]
[GameID "371895"]

1. d4 d5 2. c4 e6 3. Nc3 Nf6 4. cxd5 exd5 5. Bg5 c6 6. Qc2 Bd6 7. e3 O-O 8. Bd3 h6 9. Bh4 Re8 10. Nge2 Na6
11. a3 Nc7 12. h3 b6 13. O-O c5 14. dxc5 bxc5 15. Bf5 Bb7 16. Rad1 Rb8 17. Rd2 Qe7 18. Rfd1 Be5 19. Bg4 Qd6 20. Bf3 Bh2+
21. Kh1 Be5 22. Ne4 Nxe4 23. Bxe4 Qf8 24. Bf5 Ba8 25. b3 Rb6 26. Rc1 Ne6 27. Bg3 Bxg3 28. Nxg3 Bb7 29. Ne2 d4 30. exd4 cxd4
31. Qb2 Qe7 32. Nxd4 Qg5 33. Bg4 h5 34. Nf3 Bxf3 35. Bxf3 Rxb3 36. Qxb3 Qxd2 37. Qc2 Qxc2=
1/2-1/2

[Event "♥HERO CUP♥《★2015★》 (knockout) 10day+1day/move"]
[Site "SchemingMind.com"]
[Date "2014.12.27"]
[Round "-"]
[White "Ramesh Panwar"]
[Black "Kent"]
[Result "1-0"]
[WhiteCountry "IND"]
[BlackCountry "USA"]
[WhiteElo "2302"]
[WhiteRD "50"]
[BlackElo "2142"]
[BlackRD "71"]
[GameID "371896"]

1. e4 e6 2. d4 d5 3. Nc3 Bb4 4. exd5 exd5 5. Bd3 c6 6. Nf3 Qe7+ 7. Be3 Nf6 8. O-O O-O 9. Re1 Qc7 10. Bg5 Nbd7
11. Qd2 Bd6 12. g3 Re8 13. Nh4 Qd8 14. Rxe8+ Qxe8 15. Nf5 Bf8 16. Re1 Qd8 17. Qf4 b5 18. g4 Bb7 19. Bh4 h6 20. g5 hxg5
21. Qxg5 g6 22. f3 Qb6 23. Re6 Qd8 24. Nd6 Bxd6 25. Rxd6 Qf8 26. Rxf6 Nxf6 27. Qxf6 Re8 28. Kg2 Re6 29. Qg5
1-0

[Event "♥HERO CUP♥《★2015★》 (knockout) 10day+1day/move"]
[Site "SchemingMind.com"]
[Date "2015.01.28"]
[Round "-"]
[White "idrum"]
[Black "Adrian Grajczak"]
[Result "0-1"]
[WhiteCountry "USA"]
[BlackCountry "POL"]
[WhiteElo "1581"]
[WhiteRD "86"]
[BlackElo "2208"]
[BlackRD "78"]
[GameID "373818"]

1. e4 c5 2. Nf3 Nc6 3. d4 cxd4 4. Nxd4 Nf6 5. Nc3 e6 6. Ndb5 Bb4 7. a3 Bxc3+ 8. Nxc3 d5 9. exd5 exd5 10. Be2 d4
11. Na4 O-O 12. O-O Re8 13. Bg5 h6 14. Bf4 Nd5 15. Bd2 Bf5 16. Bg4 Bxg4 17. Qxg4 Qd6 18. Rae1 b5 19. Nc5 Qxc5 20. Bxh6 g6
21. Re2 Rxe2 22. Qxe2 Nc7 23. b4 Qe7 24. Qxe7 Nxe7 25. Rd1 Ne6 26. Re1 Rc8 27. Re2 Rc3 28. h4 Rxa3 29. Re5 a6 30. Re4 Rc3
31. Re2 Rc4 32. h5 Rxb4 33. hxg6 Nxg6
0-1

[Event "♥HERO CUP♥《★2015★》 (knockout) 10day+1day/move"]
[Site "SchemingMind.com"]
[Date "2015.01.28"]
[Round "-"]
[White "Adrian Grajczak"]
[Black "idrum"]
[Result "1-0"]
[WhiteCountry "POL"]
[BlackCountry "USA"]
[WhiteElo "2208"]
[WhiteRD "78"]
[BlackElo "1581"]
[BlackRD "86"]
[GameID "373819"]

1. e4 c5 2. Nf3 d6 3. d4 cxd4 4. Nxd4 Nf6 5. Nc3 a6 6. Be3 e5 7. Nb3 Be6 8. f3 Nbd7 9. Qd2 b5 10. g4 Nb8
11. O-O-O Be7 12. g5 d5 13. gxf6 Bxf6 14. exd5 Bf5 15. Bc5 Nd7 16. Be3 O-O 17. Bd3 Bxd3 18. Qxd3 b4 19. Ne2 Qb8 20. Na5 Qb5
21. Nc6 Nb8 22. Qxb5 axb5 23. Nxb4 Rd8 24. a3 g6 25. Nc3 Rd7 26. Nxb5 Ra5 27. c4 Rb7 28. Nc6 Nxc6 29. dxc6 Re7 30. Rd8+ Kg7
31. Bb6 Rxa3 32. bxa3
1-0

[Event "♥HERO CUP♥《★2015★》 (knockout) 10day+1day/move"]
[Site "SchemingMind.com"]
[Date "2015.02.03"]
[Round "-"]
[White "Scooter"]
[Black "bartleby en passant"]
[Result "1-0"]
[WhiteCountry "USA"]
[BlackCountry "IRL"]
[WhiteElo "1708"]
[WhiteRD "44"]
[BlackElo "1604"]
[BlackRD "91"]
[GameID "373848"]

1. d4 d5 2. Nf3 Nf6 3. Bf4 Bg4 4. Nbd2 e6 5. e3 Bd6 6. Bxd6 Qxd6 7. c3 O-O 8. Be2 Nbd7 9. O-O Ne4 10. Nxe4 dxe4
11. Nd2 Bxe2 12. Qxe2 Nf6 13. c4 Qb4 14. b3 c5 15. dxc5 Qxc5 16. Rfd1 Rad8 17. Nf1 h6 18. Qc2 b6 19. Ng3 Qe5 20. h3 h5
21. Rxd8 Rxd8 22. Rd1 Rxd1+ 23. Qxd1 h4 24. Ne2 Qc7 25. Nc3 a6 26. Qd4 Qd7 27. Qxb6 Qd2 28. Qb8+ Kh7 29. Qe5 Qe1+ 30. Kh2 Qxf2
31. Qf4
1-0

[Event "♥HERO CUP♥《★2015★》 (knockout) 10day+1day/move"]
[Site "SchemingMind.com"]
[Date "2015.02.03"]
[Round "-"]
[White "bartleby en passant"]
[Black "Scooter"]
[Result "0-1"]
[WhiteCountry "IRL"]
[BlackCountry "USA"]
[WhiteElo "1605"]
[WhiteRD "84"]
[BlackElo "1713"]
[BlackRD "44"]
[GameID "373849"]

1. d4 Nf6 2. Nc3 g6 3. e4 d6 4. Bg5 Bg7 5. Nf3 Bg4 6. Be2 O-O 7. h3 Bxf3 8. Bxf3 Nbd7 9. O-O e5 10. d5 a6
11. a4 h6 12. Bxf6 Bxf6 13. b4 Rc8 14. Ne2 c5 15. b5 axb5 16. axb5 Nb6 17. Nc3 Ra8 18. Qe2 Qc7 19. Rfb1 Rxa1 20. Rxa1 Ra8
21. Rxa8+ Nxa8 22. Na4 Nb6 23. Nxb6 Qxb6 24. c4 Bg5 25. Qa2 Bd8 26. Qa8 Kg7 27. g4 Bh4 28. Kg2 Qc7 29. Qa7 Bg5 30. Qa2 Bf4
31. Be2 Qe7 32. Qa7 f5
0-1

[Event "♥HERO CUP♥《★2015★》 (knockout) 10day+1day/move"]
[Site "SchemingMind.com"]
[Date "2015.02.02"]
[Round "-"]
[White "Brian Pott"]
[Black "Phillip Beckett"]
[Result "1-0"]
[WhiteCountry "AUS"]
[BlackCountry "ENG"]
[WhiteElo "2256"]
[WhiteRD "78"]
[BlackElo "1541"]
[BlackRD "49"]
[GameID "373952"]

1. e4 e5 2. Nf3 Nc6 3. Bb5 a6 4. Ba4 Nf6 5. O-O Be7 6. Re1 b5 7. Bb3 O-O 8. h3 d5 9. exd5 Nxd5 10. Nxe5 Nxe5
11. Rxe5 Nf6 12. d4 Bd6 13. Re1 Ng4 14. Qf3 Qh4 15. Re8 Bb7 16. Rxf8+ Rxf8 17. Qxg4 Qf6 18. Be3 g6 19. Nd2 h5 20. Ne4 hxg4
21. Nxf6+ Kg7 22. Nxg4 f5 23. Bh6+
1-0

[Event "♥HERO CUP♥《★2015★》 (knockout) 10day+1day/move"]
[Site "SchemingMind.com"]
[Date "2015.02.02"]
[Round "-"]
[White "Phillip Beckett"]
[Black "Brian Pott"]
[Result "0-1"]
[WhiteCountry "ENG"]
[BlackCountry "AUS"]
[WhiteElo "1566"]
[WhiteRD "46"]
[BlackElo "2262"]
[BlackRD "79"]
[GameID "373953"]

1. e4 e5 2. Nf3 Nc6 3. Bb5 a6 4. Bxc6 dxc6 5. d4 exd4 6. Qxd4 Qxd4 7. Nxd4 Bd7 8. Be3 O-O-O 9. Nd2 Ne7 10. O-O-O c5
11. N4b3 b6 12. f3 Nc6 13. Rhe1 Bd6 14. g3 Be6 15. c3 h5 16. Kc2 h4 17. Nc1 hxg3 18. hxg3 Bxg3 19. Rg1 Rh3 20. Nf1 Bd6
21. Rxg7 Rxf3 22. Bg5 Rh8 23. Nd2 Rh2 24. Rg8+ Kb7 25. Kb1 Rfh3 26. Ndb3 Rg2 27. Rg7 Be5 28. Bf6 Rxg7 29. Bxg7 Bxg7 30. Nd2 Bh6
31. Ncb3 Ne5 32. Nf1 Bg4 33. Rd5 Rh1 34. Rxe5 Rxf1+ 35. Kc2 c4 36. Nd4 Rc1#
0-1

[Event "♥HERO CUP♥《★2015★》 (knockout) 10day+1day/move"]
[Site "SchemingMind.com"]
[Date "2015.02.05"]
[Round "-"]
[White "Kid A"]
[Black "palberto63"]
[Result "0-1"]
[WhiteCountry "FIN"]
[BlackCountry "CUB"]
[WhiteElo "1923"]
[WhiteRD "70"]
[BlackElo "2302"]
[BlackRD "69"]
[GameID "374203"]

1. e4 c5 2. Nf3 d6 3. d4 cxd4 4. Nxd4 Nf6 5. Nc3 a6 6. Bg5 e6 7. f4 Qb6 8. Qd2 Qxb2 9. Rb1 Qa3 10. e5 dxe5
11. fxe5 Nfd7 12. Ne4 Qxa2 13. Rd1 h6 14. Bh4 Qd5 15. Qe3 Qxe5 16. Be2 Bc5 17. Bg3 Bxd4 18. Rxd4 Qa5+ 19. Rd2 O-O 20. Bd6 Rd8
21. Qg3 Nc6 22. Bc7 Qb4 23. Bd3 f5 24. Bd6 Qa4 25. Nc3 Qa1+ 26. Nd1 Nf6 27. O-O Qd4+
0-1

[Event "♥HERO CUP♥《★2015★》 (knockout) 10day+1day/move"]
[Site "SchemingMind.com"]
[Date "2015.02.05"]
[Round "-"]
[White "palberto63"]
[Black "Kid A"]
[Result "1-0"]
[WhiteCountry "CUB"]
[BlackCountry "FIN"]
[WhiteElo "2267"]
[WhiteRD "69"]
[BlackElo "1969"]
[BlackRD "71"]
[GameID "374204"]

1. d4 d5 2. Nf3 Nf6 3. g3 e6 4. Bg2 c5 5. O-O Nc6 6. c4 dxc4 7. Ne5 Bd7 8. Na3 Be7 9. Nxd7 Qxd7 10. dxc5 Bxc5
11. Nxc4 Qxd1 12. Rxd1 O-O 13. Bf4 Rac8 14. Rac1 Be7 15. Bd6 Rfe8 16. Bxe7 Rxe7 17. Nd6 Rd8 18. Nxb7 Rxd1+ 19. Rxd1 Rxb7 20. Bxc6 Rb8
21. b4 h6 22. b5 Kf8 23. a4 Ke7 24. a5 Ne8 25. Rd7+
1-0

[Event "♥HERO CUP♥《★2015★》 (knockout) 10day+1day/move"]
[Site "SchemingMind.com"]
[Date "2015.02.07"]
[Round "-"]
[White "bobbassbone"]
[Black "Paul7926"]
[Result "1-0"]
[WhiteCountry "ENG"]
[BlackCountry "ENG"]
[WhiteElo "1598"]
[WhiteRD "64"]
[BlackElo "1363"]
[BlackRD "76"]
[GameID "374307"]

1. d4 d5 2. Bf4 Nf6 3. e3 Nc6 4. Nd2 Bf5 5. Ngf3 e6 6. c3 Bd6 7. Qb3 Na5 8. Qb5+ Nc6 9. Qxb7 Rb8 10. Qxc6+ Nd7
11. Bxd6 cxd6 12. b4 O-O 13. Qxd6 Qb6 14. Qxb6 Nxb6 15. Ne5 Rbc8 16. Rc1 Na4 17. Ba6 Rxc3 18. O-O f6 19. Nd7 Rd8 20. Rxc3 Nxc3
21. a3 Rxd7 22. Rc1 Rd6 23. Rxc3 Rxa6 24. Kf1 e5 25. dxe5 fxe5 26. Nf3 e4 27. Nd4 Bg6 28. b5 Ra5 29. Nc6 Rxb5 30. Nxa7 Rb1+
31. Ke2 Bh5+ 32. Kd2 Rd1+ 33. Kc2 d4 34. exd4 Rf1 35. Rc5 Rxf2+ 36. Kc1 Bf7 37. Rc8+ Be8 38. Rxe8+ Rf8 39. Rxf8+ Kxf8 40. Kd2 Kf7
41. Ke3 Kf6 42. Kxe4
1-0

[Event "♥HERO CUP♥《★2015★》 (knockout) 10day+1day/move"]
[Site "SchemingMind.com"]
[Date "2015.02.08"]
[Round "-"]
[White "Paul7926"]
[Black "bobbassbone"]
[Result "0-1"]
[WhiteCountry "ENG"]
[BlackCountry "ENG"]
[WhiteElo "1363"]
[WhiteRD "76"]
[BlackElo "1598"]
[BlackRD "64"]
[GameID "374308"]

1. d4 c6 2. e4 d5 3. Nc3 dxe4 4. Nxe4 Bf5 5. Ng3 Bg6 6. Nf3 h6 7. Bd3 Bxd3 8. Qxd3 Nf6 9. O-O e6 10. Bd2 Nbd7
11. Rae1 Be7 12. a3 O-O 13. b4 Qc7 14. c3 Rfd8 15. Re2 c5 16. bxc5 Nd5 17. Rb1 Rab8 18. c4 Nf4 19. Bxf4 Qxf4 20. Re4 Qc7
21. Rbe1 Nxc5 22. Qc3 Nxe4 23. Rxe4 Bd6 24. Rg4 Bxg3 25. hxg3 Rbc8 26. Nd2 Rd5 27. Kf1 Rh5 28. d5 e5 29. Nf3 f6 30. Rh4 Rxh4
31. gxh4 Qxc4+ 32. Qxc4 Rxc4 33. g3 Rc3
0-1

[Event "♥HERO CUP♥《★2015★》 (knockout) 10day+1day/move"]
[Site "SchemingMind.com"]
[Date "2015.03.05"]
[Round "-"]
[White "Brian Pott"]
[Black "Ramesh Panwar"]
[Result "1/2-1/2"]
[WhiteCountry "AUS"]
[BlackCountry "IND"]
[WhiteElo "2294"]
[WhiteRD "74"]
[BlackElo "2355"]
[BlackRD "54"]
[GameID "375750"]

1. e4 e5 2. Nf3 Nc6 3. Bb5 Bd6 4. O-O a6 5. Ba4 b5 6. Bb3 Bb7 7. d3 Nf6 8. c3 h6 9. Nh4 Bf8 10. Re1 Na5
11. Bc2 c5 12. a4 b4 13. Nd2 d6 14. Nb3 Nc6 15. d4 c4 16. Nd2 b3 17. Bb1 Na5 18. Qe2 Rc8 19. f4 g6 20. dxe5 dxe5
21. fxe5 Nd7 22. Ndf3 Qe7 23. Bf4 Bg7 24. e6 Qxe6 25. e5 Nc6 26. Be4 Nc5 27. Rad1 Nxe4 28. Qxe4 Rd8 29. Rd6 Rxd6 30. exd6 Qxe4
31. Rxe4+ Kd7 32. Rxc4 Rc8 33. Nd2 Na5 34. Rb4 Bd5 35. Nhf3 g5 36. Bg3 f5 37. Bf2 Nc4 38. Nxb3 Nxb2 39. Nc5+ Rxc5 40. Bxc5 Nd3
41. Bd4 Nxb4 42. Bxg7 Nd3 43. Bxh6 g4 44. Nd4 f4 45. Ne2 f3 46. gxf3 Bxf3 47. Nf4 Nb2 48. Bf8 a5 49. Kf2 Nd1+ 50. Kg3 Nxc3
51. Ng6 Ke8 52. h4 Bd1 53. h5 Ne4+ 54. Kg2 Bxa4 55. h6=
1/2-1/2

[Event "♥HERO CUP♥《★2015★》 (knockout) 10day+1day/move"]
[Site "SchemingMind.com"]
[Date "2015.03.06"]
[Round "-"]
[White "Ramesh Panwar"]
[Black "Brian Pott"]
[Result "1-0"]
[WhiteCountry "IND"]
[BlackCountry "AUS"]
[WhiteElo "2355"]
[WhiteRD "54"]
[BlackElo "2294"]
[BlackRD "74"]
[GameID "375751"]

1. d4 Nf6 2. Nf3 g6 3. c4 Bg7 4. Nc3 d6 5. h3 O-O 6. e4 e5 7. d5 Nbd7 8. Bd3 Nc5 9. Bc2 a5 10. a3 Bd7
11. Be3 c6 12. O-O Re8 13. b4 axb4 14. axb4 Na6 15. dxc6 bxc6 16. b5 Nb4 17. Bb3 Qe7 18. Qd2 Reb8 19. Rfd1 Bf8 20. Bg5 Be6
21. Rab1 Ra7 22. Qc1 c5 23. Ne1 Bg7 24. Qd2 Rd7 25. Ra1 Qf8 26. Nc2 Nxc2 27. Qxc2 h6 28. Be3 Ra8 29. Qd2 Kh7 30. Qd3 Qd8
31. Bc2 Qb8 32. Rxa8 Qxa8 33. Kh2 Qd8 34. Ra1 h5 35. Ra6 Ne8 36. Bc1 Rb7 37. Nd5 Qb8 38. Qa3 Nc7 39. Ra4 Nxd5 40. exd5 Bc8
41. Ra8 Qc7 42. Qe3 Qd8 43. Qg5 Qxg5 44. Bxg5 Bd7 45. Ra6 f6 46. Be3 Bf8 47. b6 Bg7 48. Ra7 Bc8 49. Rxb7 Bxb7 50. Bd2 Bf8
51. Ba5 Bc8 52. Ba4 f5 53. Bd7 Ba6 54. Bc6 e4 55. b7 Bxb7 56. Bxb7 Bg7 57. g3 Be5 58. Kg2 Kg7 59. f4
1-0

[Event "♥HERO CUP♥《★2015★》 (knockout) 10day+1day/move"]
[Site "SchemingMind.com"]
[Date "2015.03.15"]
[Round "-"]
[White "bobbassbone"]
[Black "palberto63"]
[Result "0-1"]
[WhiteCountry "ENG"]
[BlackCountry "CUB"]
[WhiteElo "1607"]
[WhiteRD "70"]
[BlackElo "2305"]
[BlackRD "74"]
[GameID "376827"]

1. d4 Nf6 2. Bf4 e6 3. e3 b6 4. c3 Bb7 5. Nf3 c5 6. Nbd2 Be7 7. Bd3 cxd4 8. exd4 Nh5 9. Bg3 d6 10. Qc2 h6
11. O-O Nd7 12. Be4 Bxe4 13. Nxe4 d5 14. Ned2 Nxg3 15. hxg3 O-O 16. Kh2 b5 17. Rfe1 Rc8 18. Ne5 b4 19. Ndf3 bxc3 20. Re3 Nxe5
21. Nxe5 cxb2 22. Qxb2 Qa5 23. Rb3 Bd6 24. Rb5 Qc7 25. Rb7 Rb8 26. Rxc7 Rxb2 27. Rxa7 Rxf2 28. a4 Bxe5 29. dxe5 Rb8 30. a5 Rbb2
31. Rg1 Kh7 32. a6 Ra2 33. Ra8 Kg6 34. a7 Rfe2 35. Kh1 Rec2
0-1

[Event "♥HERO CUP♥《★2015★》 (knockout) 10day+1day/move"]
[Site "SchemingMind.com"]
[Date "2015.03.15"]
[Round "-"]
[White "palberto63"]
[Black "bobbassbone"]
[Result "1-0"]
[WhiteCountry "CUB"]
[BlackCountry "ENG"]
[WhiteElo "2305"]
[WhiteRD "74"]
[BlackElo "1607"]
[BlackRD "70"]
[GameID "376828"]

1. e4 c6 2. c4 d5 3. cxd5 cxd5 4. exd5 Qxd5 5. d4 Nf6 6. Nc3 Qd8 7. Bc4 e6 8. Nf3 Bd7 9. O-O Bd6 10. d5 O-O
11. Bg5 h6 12. Bxf6 Qxf6 13. Ne4 Qe7 14. dxe6 Bxe6 15. Qxd6 Nc6 16. Qxe7 Nxe7 17. Bxe6 fxe6 18. Nc5 b6 19. Nxe6 Rf6 20. Rfe1 Rc8
21. Nxg7 Kf8 22. Ne6+ Kf7 23. Ned4 Rd8 24. Rac1 a6 25. Rc7 Re8 26. Ne5+ Kg7 27. Nec6 Kf8 28. Nxe7
1-0

[Event "♥HERO CUP♥《★2015★》 (knockout) 10day+1day/move"]
[Site "SchemingMind.com"]
[Date "2015.04.01"]
[Round "-"]
[White "VADERVADER"]
[Black "Scooter"]
[Result "1-0"]
[WhiteCountry "POL"]
[BlackCountry "USA"]
[WhiteElo "2282"]
[WhiteRD "97"]
[BlackElo "1713"]
[BlackRD "44"]
[GameID "377706"]

1. e4 c6 2. d4 d5 3. Nc3 dxe4 4. Nxe4 Bf5 5. Ng3 Bg6 6. h4 h6 7. Nf3 Nd7 8. h5 Bh7 9. Bd3 Bxd3 10. Qxd3 Qc7
11. Bd2 O-O-O 12. c4 e6 13. O-O-O Ngf6 14. Kb1 Bd6 15. Ne4 Ne5 16. Nxd6+ Qxd6 17. Nxe5 Qxe5 18. dxe5 Rxd3 19. exf6
1-0

[Event "♥HERO CUP♥《★2015★》 (knockout) 10day+1day/move"]
[Site "SchemingMind.com"]
[Date "2015.04.01"]
[Round "-"]
[White "Scooter"]
[Black "VADERVADER"]
[Result "0-1"]
[WhiteCountry "USA"]
[BlackCountry "POL"]
[WhiteElo "1713"]
[WhiteRD "44"]
[BlackElo "2282"]
[BlackRD "97"]
[GameID "377707"]

1. d4 d5 2. Nf3 Nf6 3. Bf4 c6 4. e3 Bg4 5. Be2 e6 6. O-O Bd6 7. Bxd6 Qxd6 8. c3 O-O 9. Nbd2 Nbd7 10. h3 Bf5
11. Nh4 Be4 12. Nxe4 dxe4 13. g3 b5 14. Ng2 Nb6 15. Nf4 a5 16. Nh5 Nxh5 17. Bxh5 f5 18. Be2 Rfb8 19. b3 Nd5 20. Qd2 b4
21. cxb4 axb4 22. Rfc1 Nc3 23. Bc4 Ra3 24. Kg2 Rba8 25. Rc2 Kf7 26. f3 exf3+ 27. Kxf3 c5 28. dxc5 Qc6+ 29. Kf4 Qe4+
0-1

[Event "♥HERO CUP♥《★2015★》 (knockout) 10day+1day/move"]
[Site "SchemingMind.com"]
[Date "2015.04.27"]
[Round "-"]
[White "mmccaffe"]
[Black "emvarela"]
[Result "1-0"]
[WhiteCountry "USA"]
[BlackCountry "ARG"]
[WhiteElo "1736"]
[WhiteRD "85"]
[BlackElo "1740"]
[BlackRD "48"]
[GameID "379025"]

1. d4 Nf6 2. c4 e6 3. Nc3 Bb4 4. e3 Nc6 5. Bd3 O-O 6. Nf3 d5 7. Qc2 Bxc3+ 8. bxc3 dxc4 9. Bxc4 Bd7 10. O-O a6
11. e4 b5 12. Bd3 Ne7 13. e5 Nfd5 14. Bxh7+ Kh8 15. Ng5 f6 16. Ne4 fxe5 17. dxe5 Nf5 18. Bxf5 Rxf5 19. f4 Qh4 20. g3 Qg4
21. Qg2 Qg6 22. g4 Rf7 23. Ng5 Re7 24. Ba3 Ree8 25. h4 Ne3 26. Qf2 Nxf1 27. Rxf1 Qd3 28. f5 exf5 29. gxf5 Qxc3 30. f6
1-0

[Event "♥HERO CUP♥《★2015★》 (knockout) 10day+1day/move"]
[Site "SchemingMind.com"]
[Date "2015.04.28"]
[Round "-"]
[White "emvarela"]
[Black "mmccaffe"]
[Result "1/2-1/2"]
[WhiteCountry "ARG"]
[BlackCountry "USA"]
[WhiteElo "1735"]
[WhiteRD "50"]
[BlackElo "1736"]
[BlackRD "88"]
[GameID "379026"]

1. e4 e6 2. d4 d5 3. Nc3 Bb4 4. e5 c5 5. a3 Bxc3+ 6. bxc3 Nc6 7. f4 Qa5 8. Bd2 Qc7 9. Qg4 Nge7 10. Qxg7 Rg8
11. Qxh7 cxd4 12. Qd3 dxc3 13. Bxc3 Nf5 14. Nf3 Bd7 15. g3 Rc8 16. Bg2 a6 17. O-O Na7 18. Rfb1 Qxc3 19. Qxc3 Rxc3 20. Rxb7 Nb5
21. Rb8+ Rc8 22. Rxc8+ Bxc8 23. a4 Nbd4 24. Nxd4 Nxd4 25. c3 Nf5 26. Rd1 Bd7 27. a5 Ne3 28. Rd3 Nc4 29. Bf1 Nxa5 30. Rd4 Nc6
31. Ra4 Nxe5 32. Rxa6 Nc6 33. Ra8+ Nd8 34. Kf2 Rh8 35. h3 e5 36. fxe5 Bxh3 37. Bxh3 Rxh3 38. Ra5 Rh2+ 39. Kf3 Rc2 40. Rxd5 Rxc3+
41. Kg4 Ne6 42. Ra5 Kf8 43. Ra8+ Kg7 44. Ra5 Rc5 45. Rxc5 Nxc5 46. Kf5 Ne6 47. g4 Nd4+ 48. Ke4 Nc6 49. Kf5=
1/2-1/2

[Event "♥HERO CUP♥《★2015★》 (knockout) 10day+1day/move"]
[Site "SchemingMind.com"]
[Date "2015.05.13"]
[Round "-"]
[White "Ramesh Panwar"]
[Black "palberto63"]
[Result "1/2-1/2"]
[WhiteCountry "IND"]
[BlackCountry "CUB"]
[WhiteElo "2359"]
[WhiteRD "55"]
[BlackElo "2332"]
[BlackRD "77"]
[GameID "379829"]

1. d4 Nf6 2. c4 g6 3. Nc3 Bg7 4. e4 d6 5. Nf3 O-O 6. Be2 e5 7. dxe5 dxe5 8. Bg5 Nbd7 9. O-O c6 10. b4 a5
11. a3 Re8 12. Be3 Ng4 13. Bd2 Nf8 14. h3 Nf6 15. Be3 Ne6 16. b5 Qxd1 17. Rfxd1 Nd4 18. Nxd4 exd4 19. Bxd4 Nxe4 20. Bxg7 Kxg7
21. Nxe4 Rxe4 22. Bd3 Rf4 23. bxc6 bxc6 24. f3 Rd4 25. c5 Be6 26. Be4 Rad8 27. Rxd4 Rxd4 28. Bxc6 Rc4 29. Rb1 Rxc5 30. Rb6 Rc1+
31. Kf2 Rc3 32. a4 Rc2+ 33. Kg1 Kh6 34. Bb5 Kg5 35. Rd6 Kf4 36. Kh2 g5 37. Ra6 h5 38. Rxa5 f5 39. Bd3 Rd2 40. Bf1=
1/2-1/2